[Event "Al Ain op 2nd"]
[Site "Al Ain"]
[Date "2013.12.22"]
[Round "4"]
[White "Afshar, Niusha"]
[Black "Basencyan, Mark"]
[Result "1/2-1/2"]
[WhiteElo "1992"]
[BlackElo "2181"]
[PlyCount "76"]
[EventDate "2013.12.19"]
[EventType "swiss"]
[EventRounds "9"]
[EventCountry "UAE"]
[SourceTitle "CBM 158 Extra"]
[Source "ChessBase"]
[SourceDate "2014.02.28"]
[SourceVersion "1"]
[SourceVersionDate "2014.02.28"]
[SourceQuality "1"]

1. e4 d6 2. d4 Nf6 3. Nc3 e5 4. Nf3 Nbd7 5. Bc4 Be7 6. 0-0 0-0 7. h3 c6 8. a4 b6 9. Be3 a6 10. Ba2 Rb8 11. Qe2 b5 12. axb5 axb5 13. b4 Qc7 14. Bb3 h6 15. Qd3 Nb6 16. d5 cxd5 17. Bxb6 Qxb6 18. Nxd5 Nxd5 19. Bxd5 Bb7 20. Rfd1 Rfc8 21. Bxb7 Rxb7 22. c3 Rbc7 23. Ra3 Qc6 24. Nd2 Rd8 25. Nf1 Bg5 26. g3 h5 27. h4 Bh6 28. Qf3 g6 29. Rd5 Kg7 30. Ne3 Bxe3 31. Qxe3 Ra8 32. Rxa8 Qxa8 33. Rxd6 Qa1+ 34. Kg2 Qxc3 35. Qxc3 Rxc3 36. Rd5 Rc4 37. Rxb5 Rxe4 38. Kf3 Re1 1/2-1/2

[Event "Al Ain op 2nd"]
[Site "Al Ain"]
[Date "2013.12.21"]
[Round "3"]
[White "Basencyan, Mark"]
[Black "Pourramezanali, Amirreza"]
[Result "0-1"]
[WhiteElo "2181"]
[BlackElo "2458"]
[PlyCount "70"]
[EventDate "2013.12.19"]
[EventType "swiss"]
[EventRounds "9"]
[EventCountry "UAE"]
[SourceTitle "CBM 158 Extra"]
[Source "ChessBase"]
[SourceDate "2014.02.28"]
[SourceVersion "1"]
[SourceVersionDate "2014.02.28"]
[SourceQuality "1"]

1. d4 d5 2. c4 e6 3. Nc3 c6 4. Nf3 Nf6 5. Bg5 dxc4 6. e4 b5 7. e5 h6 8. Bh4 g5 9. exf6 gxh4 10. Ne5 Qxf6 11. g3 Nd7 12. Qe2 Bb7 13. Bg2 Bb4 14. 0-0 Bxc3 15. bxc3 h3 16. Nxd7 Kxd7 17. Bxh3 c5 18. d5 Bxd5 19. Rad1 Kc6 20. f4 Qxc3 21. f5 Rhe8 22. fxe6 fxe6 23. Bg2 Rad8 24. Rf7 Kb6 25. a4 Bxg2 26. Kxg2 Rxd1 27. Qxd1 Qd3 28. Qg4 Qd5+ 29. Kh3 a6 30. Qf4 Rc8 31. axb5 axb5 32. Qh4 Rc7 33. Rf8 c3 34. Qxh6 c2 35. Rb8+ Ka5 0-1

[Event "Barcelona Sant Marti op-A 15th"]
[Site "Barcelona"]
[Date "2013.07.21"]
[Round "9"]
[White "Kjolberg, Jens Hjorth"]
[Black "Basencyan, Mark"]
[Result "0-1"]
[WhiteElo "1999"]
[BlackElo "2130"]
[PlyCount "72"]
[EventDate "2013.07.13"]
[EventType "swiss"]
[EventRounds "9"]
[EventCountry "ESP"]
[SourceTitle "CBM 155 Extra"]
[Source "ChessBase"]
[SourceDate "2013.08.26"]
[SourceVersion "1"]
[SourceVersionDate "2013.08.26"]
[SourceQuality "1"]

1. e4 d6 2. d4 Nf6 3. Nc3 e5 4. dxe5 dxe5 5. Qxd8+ Kxd8 6. Bg5 Be6 7. 0-0-0+ Nbd7 8. Nd5 Bxd5 9. exd5 h6 10. Bh4 g5 11. Bg3 Ne4 12. Bd3 Nd6 13. h4 g4 14. h5 f5 15. c3 Be7 16. Ne2 Bf6 17. Kb1 Ke7 18. b3 Rac8 19. c4 a5 20. Bc2 a4 21. bxa4 Ra8 22. Nc3 f4 23. Bh4 Nxc4 24. Bb3 Nd6 25. Bxf6+ Kxf6 26. Rc1 b6 27. Rh4 Kg5 28. g3 Nc5 29. gxf4+ exf4 30. Rhh1 Rhe8 31. Bc2 Re5 32. Bg6 Nxa4 33. Nxa4 Rxa4 34. Rxc7 Re1+ 35. Kb2 Re2+ 36. Kb3 Raxa2 0-1

[Event "Barcelona Sant Marti op-A 15th"]
[Site "Barcelona"]
[Date "2013.07.14"]
[Round "2"]
[White "Basencyan, Mark"]
[Black "Larsen, Karsten"]
[Result "1-0"]
[WhiteElo "2130"]
[BlackElo "2270"]
[PlyCount "71"]
[EventDate "2013.07.13"]
[EventType "swiss"]
[EventRounds "9"]
[EventCountry "ESP"]
[SourceTitle "CBM 155 Extra"]
[Source "ChessBase"]
[SourceDate "2013.08.26"]
[SourceVersion "1"]
[SourceVersionDate "2013.08.26"]
[SourceQuality "1"]

1. d4 c5 2. d5 d6 3. c4 g6 4. Nc3 Bg7 5. e4 Nf6 6. Bd3 0-0 7. h3 e6 8. Nf3 a6 9. 0-0 e5 10. Rb1 Nh5 11. Re1 Qe8 12. b4 cxb4 13. Rxb4 Nd7 14. Na4 f5 15. Ng5 fxe4 16. Nxe4 Qe7 17. Bg5 Bf6 18. Be3 Nf4 19. Bf1 b5 20. cxb5 axb5 21. Bxb5 Rb8 22. Rb3 Bg7 23. Bf1 Ra8 24. Nac3 Nf6 25. Nxf6+ Qxf6 26. Ne4 Qe7 27. Rb6 Rxa2 28. Qb3 Ra8 29. Nxd6 Qg5 30. Nxc8 Nxh3+ 31. Kh2 Nf4 32. d6+ Kh8 33. d7 Qh5+ 34. Kg1 Bh6 35. Bxf4 Bxf4 36. Qh3 1-0

[Event "Barbera del Valles op 36th"]
[Site "Barbera del Valles"]
[Date "2013.07.10"]
[Round "7"]
[White "Van Riemsdijk, Herman Claudius"]
[Black "Basencyan, Mark"]
[Result "0-1"]
[WhiteElo "2367"]
[BlackElo "2130"]
[PlyCount "114"]
[EventDate "2013.07.04"]
[EventType "swiss"]
[EventRounds "9"]
[EventCountry "ESP"]
[SourceTitle "CBM 155 Extra"]
[Source "ChessBase"]
[SourceDate "2013.08.26"]
[SourceVersion "1"]
[SourceVersionDate "2013.08.26"]
[SourceQuality "1"]

1. e4 d6 2. d4 Nf6 3. Nc3 e5 4. Nf3 Nbd7 5. Bc4 Be7 6. 0-0 0-0 7. Re1 c6 8. a4 b6 9. Qe2 a6 10. Bb3 Qc7 11. h3 h6 12. dxe5 dxe5 13. Bc4 Nc5 14. Nh4 Ne6 15. Nf5 Nd4 16. Nxd4 exd4 17. Nb1 Nd7 18. e5 Nc5 19. Bf4 Be6 20. Bg3 b5 21. Bxe6 fxe6 22. axb5 cxb5 23. Nd2 Qc6 24. Nf3 d3 25. cxd3 Qd5 26. Rad1 a5 27. Bh4 g5 28. d4 Nb3 29. Qd3 Kg7 30. Bg3 a4 31. h4 b4 32. Re3 Rad8 33. h5 Rf5 34. Qc2 Rd7 35. Red3 Bd8 36. Qb1 Bb6 37. Bh2 g4 38. Nh4 Rxh5 39. Rxb3 Qxb3 40. Qg6+ Kf8 41. Rc1 Rc7 42. Qf6+ Ke8 43. Qg6+ Kd7 44. Rxc7+ Kxc7 45. Bg3 a3 46. bxa3 Rxh4 47. Bxh4 bxa3 48. Qe8 a2 49. Bd8+ Kb7 50. Qd7+ Ka6 51. Qc8+ Kb5 52. Qd7+ Kb4 53. Bxb6 a1Q+ 54. Kh2 g3+ 55. fxg3 Qad1 56. Bc5+ Kc3 57. Qf7 Qbb1 0-1

[Event "Barbera del Valles op 36th"]
[Site "Barbera del Valles"]
[Date "2013.07.08"]
[Round "5"]
[White "Abhishek, Kelkar"]
[Black "Basencyan, Mark"]
[Result "1-0"]
[WhiteElo "2274"]
[BlackElo "2130"]
[PlyCount "119"]
[EventDate "2013.07.04"]
[EventType "swiss"]
[EventRounds "9"]
[EventCountry "ESP"]
[SourceTitle "CBM 155 Extra"]
[Source "ChessBase"]
[SourceDate "2013.08.26"]
[SourceVersion "1"]
[SourceVersionDate "2013.08.26"]
[SourceQuality "1"]

1. e4 e5 2. Nf3 Nf6 3. Nc3 Nc6 4. d4 exd4 5. Nxd4 Bb4 6. Nxc6 bxc6 7. Bd3 d5 8. exd5 cxd5 9. 0-0 0-0 10. h3 c6 11. Qf3 Re8 12. Bg5 h6 13. Bf4 Bd6 14. Rad1 Bxf4 15. Qxf4 Be6 16. Na4 Qb8 17. Qd4 Nd7 18. f4 f6 19. Bg6 Bf7 20. Bf5 Be6 21. Bg6 Bf7 22. Bf5 Be6 23. Bxe6+ Rxe6 24. Rfe1 Qe8 25. Rxe6 Qxe6 26. c4 Nb6 27. Nxb6 axb6 28. cxd5 cxd5 29. Qxd5 Qxd5 30. Rxd5 Rxa2 31. Rb5 Ra6 32. Kf2 Kf7 33. Kf3 g6 34. h4 Ke6 35. h5 gxh5 36. Kg3 Kf7 37. Kh4 Kg6 38. f5+ Kg7 39. Kxh5 Ra5 40. Rxa5 bxa5 41. b3 Kh7 42. Kg4 Kg7 43. Kf4 h5 44. Kg3 Kh7 45. Kh4 Kh6 46. g3 Kh7 47. Kxh5 Kg7 48. g4 Kh7 49. g5 fxg5 50. Kxg5 Kg7 51. Kf4 Kf7 52. Ke5 Ke7 53. Kd5 Kf6 54. Kc5 Kxf5 55. Kb5 Ke6 56. Kxa5 Kd7 57. Kb6 Kc8 58. b4 Kb8 59. b5 Ka8 60. Kc7 1-0

[Event "Jermuk Asrian Memorial 6th"]
[Site "Jermuk"]
[Date "2013.06.22"]
[Round "7"]
[White "Basencyan, Mark"]
[Black "Minasian, Artashes"]
[Result "1/2-1/2"]
[WhiteElo "2143"]
[BlackElo "2505"]
[PlyCount "63"]
[EventDate "2013.06.16"]
[EventType "swiss"]
[EventRounds "9"]
[EventCountry "ARM"]
[SourceTitle "CBM 155 Extra"]
[Source "ChessBase"]
[SourceDate "2013.08.26"]
[SourceVersion "1"]
[SourceVersionDate "2013.08.26"]
[SourceQuality "1"]

1. d4 e6 2. c4 d5 3. Nc3 f5 4. g3 Nf6 5. Bg2 c6 6. cxd5 exd5 7. Nh3 Be7 8. 0-0 0-0 9. Rb1 a5 10. a3 Ne4 11. Nf4 Bd6 12. f3 Nxc3 13. bxc3 g5 14. Nd3 f4 15. g4 Nd7 16. e4 fxe3 17. Bxe3 Bxa3 18. Qd2 Be7 19. h3 a4 20. f4 gxf4 21. Bxf4 a3 22. Bh6 Rxf1+ 23. Rxf1 a2 24. Ra1 Qe8 25. Rxa2 Rxa2 26. Qxa2 Qg6 27. Qe2 Bd6 28. Bf4 Bf8 29. Bg3 Nf6 30. Nf4 Qe8 31. Qxe8 Nxe8 32. Nd3 1/2-1/2

[Event "Dubai op 15th"]
[Site "Dubai"]
[Date "2013.04.14"]
[Round "8"]
[White "De Ramos, Julius"]
[Black "Basencyan, Mark"]
[Result "1-0"]
[WhiteElo "2350"]
[BlackElo "2133"]
[PlyCount "121"]
[EventDate "2013.04.07"]
[EventType "swiss"]
[EventRounds "9"]
[EventCountry "UAE"]
[SourceTitle "CBM 153 Extra"]
[Source "ChessBase"]
[SourceDate "2013.04.22"]
[SourceVersion "1"]
[SourceVersionDate "2013.04.22"]
[SourceQuality "1"]

1. c4 e6 2. Nf3 d5 3. b3 Nf6 4. Bb2 Be7 5. Qc2 0-0 6. e3 c5 7. Be2 Nc6 8. a3 d4 9. exd4 cxd4 10. b4 e5 11. d3 Bd6 12. 0-0 Ne7 13. Re1 Ng6 14. Bf1 b6 15. Nbd2 Bb7 16. g3 h6 17. Bh3 Nd7 18. Bf5 Rc8 19. Qb3 Kh8 20. a4 Rc7 21. a5 Qf6 22. Be4 Bxe4 23. Nxe4 Qxf3 24. Nxd6 Nf6 25. Qd1 Qc6 26. axb6 axb6 27. Nb5 Rd7 28. Na7 Qe6 29. b5 Qh3 30. Qf3 Nh4 31. Qh1 Qg4 32. Nc6 Nf3+ 33. Kf1 Qh3+ 34. Qg2 Qh5 35. h3 Nxe1 36. Rxe1 Re8 37. g4 Qg6 38. Qg3 e4 39. Ne5 Rxe5 40. Qxe5 exd3 41. Rd1 d2 42. Rxd2 d3 43. f3 Kh7 44. Bd4 Ra7 45. h4 Ra4 46. h5 Qg5 47. Qxg5 hxg5 48. Rxd3 Rxc4 49. Bxf6 gxf6 50. Rd6 f5 51. gxf5 Rc5 52. Rxb6 Rxf5 53. Ke2 Re5+ 54. Kd3 f5 55. Kd4 Re1 56. Rf6 f4 57. b6 Re3 58. Kc4 Re1 59. Kc5 Rb1 60. Kc6 Rb3 61. b7 1-0

[Event "Dubai op 15th"]
[Site "Dubai"]
[Date "2013.04.07"]
[Round "1"]
[White "Basencyan, Mark"]
[Black "Laznicka, Viktor"]
[Result "0-1"]
[WhiteElo "2133"]
[BlackElo "2674"]
[PlyCount "74"]
[EventDate "2013.04.07"]
[EventType "swiss"]
[EventRounds "9"]
[EventCountry "UAE"]
[SourceTitle "CBM 153 Extra"]
[Source "ChessBase"]
[SourceDate "2013.04.22"]
[SourceVersion "1"]
[SourceVersionDate "2013.04.22"]
[SourceQuality "1"]

1. d4 f5 2. c4 Nf6 3. Nc3 d6 4. g3 g6 5. Bg2 Bg7 6. Nh3 0-0 7. 0-0 Na6 8. d5 Nc5 9. Nf4 e5 10. dxe6 c6 11. h3 Qe7 12. Be3 g5 13. Nd3 Nxe6 14. Qd2 Nd7 15. f4 gxf4 16. Nxf4 Ne5 17. b3 Nxf4 18. Bxf4 Ng6 19. e3 Nxf4 20. exf4 d5 21. Kh2 dxc4 22. bxc4 Rd8 23. Qc2 Qb4 24. Rac1 Qxc4 25. Na4 Qb4 26. Rf2 Rb8 27. Rb1 Qd6 28. Re2 b6 29. Qc4+ Kf8 30. Bxc6 Qd4 31. Qxd4 Bxd4 32. Nb2 Ba6 33. Rc2 Rbc8 34. Rbc1 Be3 35. Re1 Rxc6 36. Rxc6 Rd2+ 37. Kh1 Bb7 0-1

[Event "Groningen op-A 50th"]
[Site "Groningen"]
[Date "2012.12.30"]
[Round "9"]
[White "De Jong, Migchiel"]
[Black "Basencyan, Mark"]
[Result "1-0"]
[WhiteElo "2372"]
[BlackElo "2112"]
[PlyCount "65"]
[EventDate "2012.12.21"]
[EventType "swiss"]
[EventRounds "9"]
[EventCountry "NED"]
[SourceTitle "CBM 152 Extra"]
[Source "ChessBase"]
[SourceDate "2013.02.25"]
[SourceVersion "1"]
[SourceVersionDate "2013.02.25"]
[SourceQuality "1"]

1. e4 d6 2. d4 Nf6 3. Nc3 e5 4. Nf3 Nbd7 5. Bc4 Be7 6. 0-0 0-0 7. Re1 c6 8. a4 b6 9. d5 Bb7 10. dxc6 Bxc6 11. Bg5 Nc5 12. Bxf6 Bxf6 13. Bd5 Qd7 14. Bxc6 Qxc6 15. Nd5 Bd8 16. c3 a5 17. Re3 b5 18. axb5 Qxb5 19. b4 Ne6 20. Qd3 Qb7 21. Ree1 axb4 22. Rxa8 Qxa8 23. cxb4 Qb7 24. g3 Kh8 25. Rc1 f5 26. exf5 Nd4 27. Qe4 Nxf5 28. h4 h6 29. Kg2 Bb6 30. h5 Ne7 31. Rd1 Bd4 32. Rxd4 Rxf3 33. Kxf3 1-0

[Event "Groningen op-A 50th"]
[Site "Groningen"]
[Date "2012.12.28"]
[Round "7"]
[White "Piasetski, Leon David"]
[Black "Basencyan, Mark"]
[Result "0-1"]
[WhiteElo "2310"]
[BlackElo "2112"]
[PlyCount "68"]
[EventDate "2012.12.21"]
[EventType "swiss"]
[EventRounds "9"]
[EventCountry "NED"]
[SourceTitle "CBM 152 Extra"]
[Source "ChessBase"]
[SourceDate "2013.02.25"]
[SourceVersion "1"]
[SourceVersionDate "2013.02.25"]
[SourceQuality "1"]

1. Nf3 d5 2. c4 c6 3. e3 Nf6 4. b3 e6 5. Bb2 Nbd7 6. Qc2 Bd6 7. Nc3 a6 8. g4 Nxg4 9. Rg1 Nge5 10. Nxe5 Bxe5 11. d4 Bf6 12. 0-0-0 b5 13. f4 Bb7 14. e4 b4 15. Ne2 dxe4 16. Ng3 c5 17. Nxe4 Bxe4 18. Qxe4 0-0 19. Bd3 g6 20. Bc2 Qe7 21. dxc5 Nxc5 22. Bxf6 Qxf6 23. Qe3 Rfc8 24. Rg5 Qa1+ 25. Bb1 Na4 26. bxa4 Rxc4+ 27. Kd2 Rc3 28. Qd4 Qb2+ 29. Ke1 Qxh2 30. Qf2 Qh3 31. Re5 Rf3 32. Qe2 Rxf4 33. Rc1 Rd8 34. Qe3 Rf1+ 0-1